000 00478nam a2200181Ia 4500
003 OSt
005 20260131122719.0
008 210210b1947 xxu||||| |||| 00| 0 eng d
040 _cAL
041 _aKannada
082 _a853/139
100 _aCHANAVIRAYYA (C H)
_9160997
_dಚನವಿರಯ್ಯ (ಸಿಎಚ್)
245 _aJai hind:
_bಜೈ ಹಿಂದ್
260 _aHubballi
_b-
_c1947
690 _aKannada Drama
_9160998
906 _a019409
942 _2ddc
_cBK
999 _c143528
_d143528